000 00567nam a2200205Ia 4500
005 20250326143902.0
008 250326s9999 xx 000 0 und d
020 _a81-7188-270-6
037 _aTextbook
040 _aFMSL
_beng
_cFMSL
041 _aeng
_2eng
084 _aX.44'N47 P2
_qFMSL
100 _aKapila Uma Ed.
245 0 _aIndian economy since independence
_cKapila Uma Ed.
250 _a14
260 _aNew Delhi
_bNew Delhi, Academic foundation
_c2002
300 _a944p
942 _cTB
_hX.44'N47 P2
999 _c1301483
_d1301483